Responses for Show #3156 - Monday, April 27, 1998

1998 Celebrity Invitational game 1.

Contestants

[<< previous game]

Dan Cortese, from Veronica's Closet

Carol Burnett, from The Carol Burnett Show

Jason Alexander, from Seinfeld

[next game >>]

Jeopardy! Round responses

WHERE YA FROM?
(Alex: We want you to name the country.)
RHYMES WITH ME
(Alex: Here's something for you, Jason...)
ALEXANDER THE GREAT
THE 70th OSCARS
CELEBRITY HEADACHES
TV FROM THE NEXT ROOM
(Alex: An all-audio category.)
    $100 10
(Carol: What is Germany?)

Austria

JasonCarol
    $100 23
Tea

Dan
    $100 17
Alexander Hamilton

Jason
    $100 11
Helen Hunt

Carol
    $100 6
Cuba

Dan
    $100 1
Gilligan's Island

Dan
    $200 19
(Carol: Where is Mexico?)

Spain

CarolDan
    $200 24
(Alex: And we have about a minute to go...)

Ski

Dan
    $200 18
Alexander Graham Bell

Dan
    $200 12
Kim Basinger

Carol
    $200 7
Rodeo Drive

Dan
    $200 2
The Andy Griffith Show

Dan
    $300 20
Canada

Triple Stumper
    $300 25
Bee

Carol
    $300 30
Dragnet

Carol
    $300 13
Good Will Hunting

Jason
    $300 8
Jaguar

Dan
    $300 3
The Nanny

Triple Stumper
    $400 21
New Zealand

Jason
    $400 26
Vivien Leigh

Jason
    $1,500 29
Jane Alexander

Jason
    $400 14
James Cameron

Dan
    $400 9
Triceps

Jason
    $400 4
Bewitched

Carol
    $500 22
Australia

Dan
    $500 27
(Alex: Carol was in that show, too!)

Pea

Jason
    $500 28
Alexander Haig

Jason
    $500 15
Stanley Donen

Carol
    $500 16
Architectural Digest

Jason
    $500 5
Good Times

Dan

Scores at the first commercial break (after clue 10):

Jason Carol Dan
$500 $300 $1,400

Scores at the end of the Jeopardy! Round:

Jason Carol Dan
$4,700 $1,500 $3,000

Double Jeopardy! Round responses

WILD WOMEN IN HISTORY
A CATEGORY ABOUT NOTHING
NAME THE PLAY
FOOD & DRINK
AS THE STOMACH TURNS
(Alex: And since Jason did so well with NUCLEAR PHYSICS last time on the show, we have tough,...)
TOUGH NUCLEAR PHYSICS
    $200 21
Catherine the Great

Carol
    $200 1
"See no evil, speak no evil, hear no evil"

Dan
    $200 8
Waiting for Godot

Jason
    $200 6
Cabbage

Dan
    $200 13
Ulcer

Jason
    $400 22
"The Lady in Red"

Jason
    $400 2
TV Land

Triple Stumper
    $400 9
A Streetcar Named Desire

Jason
    $400 7
Club sandwich

Jason
    $400 14
Heart

Dan
    $400 29
[The end-of-round signal sounds.]

down

Triple Stumper
    $2,500 25
Napoleon

Carol
    $600 3
Much Ado About Nothing

Carol
    $3,500 10
Our Town

Jason
    $600 17
Perrier

Jason
    $600 15
Olestra

Jason
    $600 28
Decay

Jason
    $800 27
Wild Bill Hickok

Jason
    $800 4
"Nothing From Nothing"

Dan
    $800 11
Henry V

Jason
    $800 18
Fondue

Carol
    $800 16
(Dan: What is L?)
(Jason: What is K?)

J

JasonCarolDan
    $800 24
(Alex: We have less than a minute to go in the round.)

ruby

Carol
    $1000 26
Ma Barker

Dan
    $1000 5
Know-Nothing

Triple Stumper
    $1000 12
A Doll's House

Carol
    $1000 20
(Jason: What is penne?)

Cannelloni

Jason
Triple Stumper
    $1000 19
(Jason: What is Pepto-Bismol?)

Tagamet

Jason
Triple Stumper
    $1000 23
(Alex: Jason has found his category!)

Accelerators

Jason

Scores at the end of the Double Jeopardy! Round:

Jason Carol Dan
$11,400 $8,200 $4,800

[wagering suggestions for these scores]

Final Jeopardy! Round responses

WEIGHTS & MEASURES
DanWhat is a learn
$3,401
CarolWhat
$1,000
JasonWhat is a grasp?
$10,000
Fathom

Final scores:

Jason Carol Dan
$1,400 $7,200 $1,399
2nd place: $10,000 for the Scleroderma Research Foundation Winner: $15,000 for the Hereditary Disease Foundation 3rd place: $10,000 for the Children's Hospital of Pittsburgh

Game dynamics:

Coryat scores:

Jason Carol Dan
$7,400 $6,300 $4,800
22 R
(including 2 DDs),
3 W
13 R
(including 1 DD),
2 W
17 R,
1 W

Combined Coryat: $18,500

[game clues] [game scores] [suggest correction]

Game tape date: Unknown
The J! Archive is created by fans, for fans. Scraping, republication, monetization, and malicious use prohibited; this site may use cookies and collect identifying information. See terms. The Jeopardy! game show and all elements thereof, including but not limited to copyright and trademark thereto, are the property of Jeopardy Productions, Inc. and are protected under law. This website is not affiliated with, sponsored by, or operated by Jeopardy Productions, Inc. Join the discussion at JBoard.tv.